000 00824nab a2200253 u 4500
001 13340
003 HDC
007 cr bn ---aaaaa
008 210212b2017mmddmy d||no |||| 00| 0 eng d
040 _aHDC
100 _aYunus Yussop
_914148
245 0 _aKPDNKK seizes fake toothbrushes
_c/ Yunus Yussop
260 _aMalaysia:
_bBorneo Post Sdn Bhd,
_c2017
300 _a1 online resource
336 _atext
_2rdacontent
337 _acomputer
_2rdamedia
338 _aonline resource
_2rdacarrier
650 _aCommercial crimes
_zMalaysia
_914149
710 _aBorneo Post Online
856 _zRequest full-text at [email protected]
942 _2lcc
942 _cNEWS
942 _kNWSO 003608
999 _c10656
_d10656